| 000 | 00375nam a22001577a 4500 | ||
|---|---|---|---|
| 003 | MACL | ||
| 005 | 20151223132917.0 | ||
| 008 | 151223b xxu||||| |||| 00| 0 eng d | ||
| 040 | _cMACL | ||
| 041 | _aEnglish | ||
| 082 | _a001/PAR | ||
| 100 |
_aParashar,M.R. _922371 |
||
| 245 | _aEffective Manner's of Teaching General Science | ||
| 650 |
_aG.S. _922372 |
||
| 942 |
_2ddc _cBK |
||
| 999 |
_c51639 _d51639 |
||